| 000 | 00511cam a2200193 4500 | ||
|---|---|---|---|
| 001 | sa 68016540 | ||
| 003 | DLC | ||
| 005 | 20260227112655.0 | ||
| 008 | 700720s1968 ii 00010 eng | ||
| 010 | _asa 68016540 //r872 | ||
| 025 | _aPL480:I-E-10950 | ||
| 050 | 0 |
_aD412.6 _b.R65 |
|
| 100 | 1 | 0 |
_aRoy, M. N. _q(Manabendra Nath), _d1887-1954. |
| 245 | 1 | 0 |
_aMen I met, _cby M. N. Roy. |
| 260 | 0 |
_aBombay, _bLalvani Pub. House _c[1968] |
|
| 300 |
_axi, 146 p. _c22 cm. |
||
| 350 | _a16.00 | ||
| 650 | 0 | _aStatesmen. | |
| 999 |
_c87162 _d87162 |
||